Dwayne Johnson by Poster - Statistics

General Stats
  • This quiz has been taken 25 times
  • The average score is 13 of 40
Answer Stats
Picture Answer % Correct
Moana
86%
Baywatch
77%
Black Adam
73%
Tooth Fairy
68%
Central Intelligence
55%
Jungle Cruise
55%
Red Notice
55%
Rampage
50%
The Game Plan
50%
Hercules
45%
Skyscraper
45%
Fast Five
41%
Jumanji: Welcome To The Jungle
41%
Red One
41%
San Andreas
41%
The Scorpion King
41%
DC League Of Super-Pets
32%
Get Smart
32%
G.I. Joe: Retaliation
32%
Jumanji: The Next Level
32%
The Other Guys
32%
Fighting With My Family
27%
The Mummy Returns
27%
Journey 2: The Mysterious Island
23%
Ballers
18%
Faster
18%
Gridiron Gang
18%
Planet 51
18%
The Rundown
18%
Walking Tall
18%
Empire State
14%
Fast & Furious 6
14%
Race To Witch Mountain
14%
Young Rock
14%
Be Cool
9%
Fast & Furious 7
9%
Fast & Furious: Hobbs & Shaw
9%
Snitch
9%
Pain & Gain
5%
Southland Tales
5%
No matching quizzes found
Score Distribution
Percent of People with Each Score
Percentile by Number Answered
Your Score History
You have not taken this quiz